LEADER 01873nam0-2200505---450- 001 990009545520403321 005 20120704111019.0 010 $a9788897644064 010 $a9788849522808 035 $a000954552 035 $aFED01000954552 035 $a(Aleph)000954552FED01 035 $a000954552 100 $a20120319d2011----km-y0itaa50------ba 101 0 $aita 102 $aIT 105 $aa---ac--001yy 200 1 $aLeonardo da Vinci$eil Codice Corazza nella Biblioteca Nazionale di Napoli$econ la riproduzione in facsimile del Ms. 12. D. 79$fedizione e saggio critico di Alfredo Buccaro$gpresentazione di Carlo Pedretti 210 $a[Poggio a Caiano]$cCB Edizioni grandi opere$aNapoli$cEdizioni Scientifiche Italiane$d2011 215 $a2 v.$cill.$d34 cm 300 $aPubblicazione realizzata con il contributo del Banco di Napoli 307 $a1.: senza paginazione : ill. ; 2.: 331 p. : ill. 327 1 $a1.: Leonardo scienziato-artista nel codice Corazza: l'eredità del metodo vinciano nel mezzogiorno e le radici dell'ingegnere-architetto$a2.: Facsimile 610 0 $aLeonardo, da Vinci$a1452-1519$aManoscritti 702 0$aLeonardo da Vinci$f<1452-1519 > 702 1$aBuccaro,$bAlfredo$f<1958- > 801 0$aIT$bUNINA$gRICA$2UNIMARC 901 $aBK 912 $a990009545520403321 952 $a03.1249$b10058$fDARST 952 $a03.1250$b10059$fDARST 952 $aCI.03.143$b883$fCICE 952 $aCI.03.144$b884$fCICE 952 $aSEZ.NA C 1081/1$b19249$fFARBC 952 $aSEZ.NA C 1081/2$b19250$fFARBC 952 $a13 SC I N 01$b17778$fFINBC 952 $a13 SC I N 02$b17779$fFINBC 952 $a13 SC I N 03$b17776$fFINBC 952 $a13 SC I N 04$b17777$fFINBC 959 $aDARST 959 $aCICE 959 $aFARBC 959 $aFINBC 996 $aLeonardo da Vinci$9116841 997 $aUNINA LEADER 01979oam 2200517 450 001 9910702468903321 005 20130508133149.0 035 $a(CKB)5470000002427478 035 $a(OCoLC)823936688 035 $a(EXLCZ)995470000002427478 100 $a20130111d2012 ua 0 101 0 $aeng 135 $aur||||||||||| 181 $ctxt$2rdacontent 182 $cc$2rdamedia 183 $acr$2rdacarrier 200 12$aA call to action $enarco-terrorism's threat to the southern U.S. border : hearing before the Subcommittee on Oversight, Investigations, and Management of the Committee on Homeland Security, House of Representatives, One Hundred Twelfth Congress, first session, October 14, 2011 210 1$aWashington :$cU.S. Government Printing Office,$d2012. 215 $a1 online resource (iii, 66 pages) $cillustrations 300 $aTitle from title screen (viewed on January 11, 2013). 300 $aPaper version available for sale by the Superintendent of Documents, United States Government Printing Office. 300 $a"Serial no. 112-51." 517 $aCall to action 606 $aNarco-terrorism$zMexican-American Border Region 606 $aNarco-terrorism$zMexican-American Border Region$xPrevention 606 $aDrug traffic$zMexican-American Border Region 606 $aTransnational crime$zMexican-American Border Region 606 $aOrganized crime$zMexico 606 $aViolent crimes$zMexico 606 $aBorder security$zUnited States 606 $aNational security$zUnited States 615 0$aNarco-terrorism 615 0$aNarco-terrorism$xPrevention. 615 0$aDrug traffic 615 0$aTransnational crime 615 0$aOrganized crime 615 0$aViolent crimes 615 0$aBorder security 615 0$aNational security 801 0$bGPO 801 1$bGPO 801 2$bGPO 906 $aBOOK 912 $a9910702468903321 996 $aA call to action$93431927 997 $aUNINA